000 00406nam a22001577a 4500
020 _a978-93-85175-56-5
082 _a823
_bKAN/G
100 _aDICKENS, CHARLES; KANAKARAGHAVAN TR.
245 _aGREAT EXPECTATIONS
_bSHORT STORY
246 _aGREAT EXPECTATIONS
_bSHORT STORY
260 _aTHRISSUR
_bH & C PUBLISHING HOUSE
300 _a48
520 _aSHORT STORY
650 _aSHORT STORY
942 _cBK
999 _c2724
_d2724